000 00526nam a2200157 a 4500
001 000046387
005 20201002052832.0
008 150806s1987 dr a 000 0 spa d
040 _aDO-SdBNP
_bspa
_cBNPHU
082 _axxxxxxxxx
_bxxxxxxxxx
245 0 3 _aEl proceso de formación del marxismo-leninismo :
_bqué es el materialismo dialéctico.
260 _aSanto Domingo :
_bPartido de los Trabajadores Dominicanos,
_c1987.
300 _a24 p. :
_bil. ;
_c22 cm.
490 1 _aIniciación
_v1
830 0 _aIniciación
_n1
_974414
999 _c45876
_d45876